Compound Playground Quiz Stats

 Plays Quiz Updated May 14, 2012

Also try: Pair-onyms
Challenge
Share
Tweet
Embed
Score 0/20 Timer 04:00
5 Plays Today
Compound-o-nym Compound Word % Correct
PrisonfowlJailbird
92%
DeceasedqueueDeadline
76.8%
LawnjumperGrasshopper
76.4%
ImitatefelineCopycat
74%
BunkstoneBedrock
70.9%
EnginebikeMotorcycle
70.1%
PalboatFriendship
69.6%
BaketomeCookbook
63.6%
AbovejacketOvercoat
61.5%
ChilddozeKidnap
59%
Compound-o-nym Compound Word % Correct
HindpainBackache
57.6%
CerebrumscrubBrainwash
56.5%
BicuspidglueToothpaste
46.3%
PistolconflagrationGunfire
42.9%
CadaversentinelBodyguard
37.7%
ShorebrusherBeachcomber
35.2%
AppendagechasmArmpit
27.6%
PrimaryriverMainstream
26.5%
AbodeclutchHousehold
19.9%
GarbageinsectLitterbug
18.1%

You're not logged in!

Compare scores with friends on all Sporcle quizzes.
OR
Log In

You Might Also Like...

Show Comments

Extras

Top Quizzes Today


Score Distribution

Your Account Isn't Verified!

In order to create a playlist on Sporcle, you need to verify the email address you used during registration. Go to your Sporcle Settings to finish the process.

Report this User

Report this user for behavior that violates our Community Guidelines.

Details: